Outwitting the Gestapo (Record no. 321276)
[ view plain ]
| 000 -LEADER | |
|---|---|
| fixed length control field | 00306 a2200121 4500 |
| 001 - CONTROL NUMBER | |
| control field | 86203 |
| 003 - CONTROL NUMBER IDENTIFIER | |
| control field | NUST |
| 005 - DATE AND TIME OF LATEST TRANSACTION | |
| control field | 20180122093032.0 |
| 008 - FIXED-LENGTH DATA ELEMENTS--GENERAL INFORMATION | |
| fixed length control field | 180122b xxu||||| |||| 00| 0 eng d |
| 082 ## - DEWEY DECIMAL CLASSIFICATION NUMBER | |
| Classification number | 940.5344 AUB |
| 100 ## - MAIN ENTRY--PERSONAL NAME | |
| Personal name | Lucie Aubrac |
| 9 (RLIN) | 9426 |
| 245 ## - TITLE STATEMENT | |
| Title | Outwitting the Gestapo |
| Statement of responsibility, etc. | Lucie Aubrac |
| 260 ## - PUBLICATION, DISTRIBUTION, ETC. | |
| Place of publication, distribution, etc. | USA |
| Name of publisher, distributor, etc. | University of Nebraska |
| Date of publication, distribution, etc. | 1993 |
| 300 ## - PHYSICAL DESCRIPTION | |
| Extent | xxii 234p. |
| 942 ## - ADDED ENTRY ELEMENTS (KOHA) | |
| Institution code [OBSOLETE] | CAE NUST |
| Koha item type | Book |
| Call number prefix | 940.5344 AUB |
| Source of classification or shelving scheme | |
| Withdrawn status | Lost status | Damaged status | Not for loan | Collection code | Permanent Location | Current Location | Date acquired | Total Checkouts | Full call number | Barcode | Date last seen | Price effective from | Koha item type |
|---|---|---|---|---|---|---|---|---|---|---|---|---|---|
| College of Aeronautical Engineering (CAE) | College of Aeronautical Engineering (CAE) | 04/03/2017 | 940.5344 AUB | CAE85068 | 04/05/2017 | 04/05/2017 | Book |
